| 000 | 00519nam a2200121Ia 4500 | ||
|---|---|---|---|
| 008 | 220620s9999||||xx |||||||||||||| ||und|| | ||
| 245 | 2 |
_aA History of Participation in Museums and Archives _bTraversing Citizen Science and Citizen Humanities |
|
| 546 | _aEnglish[eng] | ||
| 650 | _aMuseology and heritage studies||Library, archive and information management | ||
| 700 | _aHetland, Per||Pierroux, Palmyre||Esborg, Line | ||
| 856 | _uhttps://library.oapen.org/bitstream/20.500.12657/51588/1/9780429590788.pdf | ||
| 942 | _cEB | ||
| 999 |
_c22683 _d22683 |
||